Vivir plenamente : (Registro nro. 38321)
[ vista simple ]
| 000 -CABECERA | |
|---|---|
| campo de control de longitud fija | 00518nam a2200157 a 4500 |
| 001 - NÚMERO DE CONTROL | |
| campo de control | 000038831 |
| 005 - FECHA Y HORA DE LA ÚLTIMA TRANSACCIÓN | |
| campo de control | 20201002031403.0 |
| 008 - DATOS DE LONGITUD FIJA--INFORMACIÓN GENERAL | |
| campo de control de longitud fija | 130426s2005 ck 000 0 spa d |
| 040 ## - FUENTE DE LA CATALOGACIÓN | |
| Centro catalogador/agencia de origen | DO-SdBNP |
| Lengua de catalogación | spa |
| Centro/agencia transcriptor | BNPHU |
| 100 1# - ENTRADA PRINCIPAL--NOMBRE DE PERSONA | |
| Nombre de persona | Legorreta, Deborah, |
| Fechas asociadas al nombre | 1954- |
| 9 (RLIN) | 65121 |
| 245 10 - MENCIÓN DE TÍTULO | |
| Título | Vivir plenamente : |
| Resto del título | hacia el equilibrio y la calidad de vida / |
| Mención de responsabilidad, etc. | Deborah Legorreta. |
| 250 ## - MENCIÓN DE EDICIÓN | |
| Mención de edición | 2a ed. |
| 260 ## - PUBLICACIÓN, DISTRIBUCIÓN, ETC. | |
| Lugar de publicación, distribución, etc. | Bogotá : |
| Nombre del editor, distribuidor, etc. | Norma , |
| Fecha de publicación, distribución, etc. | 2005. |
| 300 ## - DESCRIPCIÓN FÍSICA | |
| Extensión | 190 p. : ; |
| Dimensiones | 21 cm. |
| 500 ## - NOTA GENERAL | |
| Nota general | Breve biografía de la autora en la solapa de la portada |
| Estado de retiro | Estado de pérdida | Restricciones de uso | No para préstamo | Código de colección | Localización permanente | Ubicación/localización actual | Ubicación en estantería | Fecha de adquisición | Número de inventario | Total de préstamos | Signatura topográfica completa | Código de barras | Fecha visto por última vez | Precio válido a partir de | Tipo de ítem Koha |
|---|---|---|---|---|---|---|---|---|---|---|---|---|---|---|---|
| Monografías: Libros y Folletos | Patrimonio Dominicano | Patrimonio Dominicano | Orden iniciada | 26.04.2013 | LF1 | 38831-10 | 25.06.2020 | 25.06.2020 | No se presta |
